00555 2200217 4500001002100000005001500021035002000036007000300056008004100059020001800100082001100118084001700129100002200146245004600168250000900214260003000223300003000253600003200283990001000315990001200325INLIS00000000000964520211207102547 a0010-1221000019ta211207 g 0 ind  a9789792904680 a363.73 a363.73 YUL r0 aYULIARTI, Nurheti1 aRacun di sekitar kita /cNurheti Yuliarti aed.1 aYogyakarta :bANDI,c2008 ax, 134 hlm. ;c14 x 21 cm 4aPencemaran-Aspek Lingkungan a13254 a13.254a